| 000 | 00696nam a2200205Ia 4500 | ||
|---|---|---|---|
| 999 |
_c9189 _d9189 |
||
| 020 | _a9780761867210 | ||
| 082 | _a305.80973 MOC-A | ||
| 100 | _aMocombe, Paul C. | ||
| 245 | 0 | _aAfrican-Americanization of the black diaspora in globalization or the contemporary capitalist world-system | |
| 260 |
_aLanham _bUniversity Press of America _c2017 |
||
| 300 | _av, 140p | ||
| 504 | _aincludes references and index | ||
| 650 |
_aAmerica _vBlack diaspora |
||
| 650 |
_aGlobalization _vCapitalism _zAfrica _zAmerica |
||
| 650 |
_aConstitution of America _vBlack diaspora |
||
| 650 |
_aBlack diaspora _vModern society _zAmerica |
||
| 700 | _aCallender, Christine | ||
| 700 | _aTomlin, Carol | ||
| 942 | _cBK | ||